00445 2200169 4500001002100000005001700021008004100038020001800079035002500097041000700122082001100129090001700140100001700157245004700174260004200221650001200263INLIS0000000000041130:yyyyMMddHHmmss180719||||||||| | ||| |||| || |  a979-22-3140-4 a0010-031300000004113 aid0 a701.15 a701.15 HID t0 akoko hidayat00aTaiwan Crunchy cookies : kue kering taiwan aJakartabGramedia pustaka utamac2007 0aCookies